|
|
|
|
| LEADER |
00000naa a2200000 ar4500 |
| 001 |
vtls009091723 |
| 003 |
SK-MaSNL |
| 005 |
20260302140442.0 |
| 008 |
180406e1985 xo | || |||| ||slo |
| 015 |
|
|
|a SNBRA2007/09
|2 snkbucl
|
| 038 |
|
|
|a SNKBUCL
|
| 040 |
|
|
|a SNKBUCL
|b slo
|c SNKBUCL
|e AACR2
|
| 041 |
0 |
|
|a slo
|b eng
|b rus
|
| 044 |
|
|
|a xo
|c SK
|
| 080 |
|
|
|a 94(439.2)
|x "190/1918"
|2 1997
|
| 080 |
|
|
|a 316.343.63
|x (439.2)
|x "190/1918"
|2 1997
|
| 080 |
|
|
|a 323.4
|x (439.2)
|x "190/1918"
|2 1997
|
| 080 |
|
|
|a 316.482.3
|x (439.2)
|x "190/1918"
|2 1997
|
| 080 |
|
|
|a 94(100)"1914/1918":355.48
|2 1997
|
| 080 |
|
|
|a 355.48
|x "1914/1918"
|2 1997
|
| 100 |
1 |
|
|a Kende, János
|4 aut
|9 524008
|
| 245 |
1 |
0 |
|a Cesta robotníckej triedy Uhorska do revolúcie roku 1918
|c János Kende
|
| 504 |
|
|
|a Bibliogr. odkazy
|
| 546 |
|
|
|a Res. angl., rus.
|
| 648 |
|
7 |
|a 1918
|2 snkbucl
|9 280681
|
| 648 |
|
7 |
|a 20. stor., začiatok
|2 snkbucl
|9 335727
|
| 650 |
0 |
7 |
|a robotníci
|x marxistické hľadiská
|2 snkbucl
|9 247528
|
| 650 |
0 |
7 |
|a robotnícke hnutie
|2 snkbucl
|9 4769
|
| 650 |
0 |
7 |
|a prvá svetová vojna (1914-1918)
|2 snkbucl
|9 162650
|
| 650 |
0 |
7 |
|a triedny boj
|2 snkbucl
|9 123688
|
| 650 |
0 |
7 |
|a generálne štrajky
|2 snkbucl
|9 4789
|
| 651 |
|
7 |
|a Uhorsko
|x dejiny
|2 snkbucl
|9 56334
|
| 651 |
|
7 |
|2 snkbucl
|
| 773 |
0 |
|
|t 25 rokov Československo-maďarskej historickej komisie. Historické štúdie. XXVIII/1
|d Bratislava : VEDA, 1985
|g S. 62-77
|
| 852 |
|
|
|a SNK
|b KIS3GCP
|
| 958 |
|
|
|a NB
|
| 999 |
|
|
|c 1330821
|d 1332751
|